Medzinárodné medzirezortné zmluvy uzatvárané medzi členskými štátmi RVHP v oblasti hospodárskej a vedeckotechnickej spolupráce SPEV II.-5/6.7.
Saved in:
| Main Author: | |
|---|---|
| Format: | Book |
| Language: | Slovak |
| Published: |
Bratislava
Ústav hospodárskeho práva
1981
|
| Series: | Výskumné práce
č. 85 |
| Tags: |
No Tags, Be the first to tag this record!
|
MARC
| LEADER | 00000nam a2200000 4500 | ||
|---|---|---|---|
| 001 | c131760 | ||
| 005 | 20200722092000.1 | ||
| 041 | 0 | |a slo | |
| 044 | |a SK | ||
| 245 | 1 | 0 | |a Medzinárodné medzirezortné zmluvy uzatvárané medzi členskými štátmi RVHP v oblasti hospodárskej a vedeckotechnickej spolupráce |b SPEV II.-5/6.7. |c M. Ševčík |
| 264 | 1 | |a Bratislava |b Ústav hospodárskeho práva |c 1981 | |
| 300 | |a 104 s. | ||
| 490 | 1 | |a Výskumné práce |v č. 85 | |
| 830 | 0 | |a Výskumné práce |v č. 85 | |
| 100 | 1 | |a Ševčík, M. | |